000 00879nam a2200241 a 4500
001 39498
003 BD-RjUL
005 20211209053013.0
008 160411r20142005ii a|||| |||| 00| 0 ben d
020 _a8177564412
_c: TK. 666.66
035 _a(BD-RjUL)39611
040 _aBD-RjUL
_bben
_cBD-RjUL
041 _aben
082 _223
_a782.0092
_bDEJ 2014
100 _aদে, মান্না
_9121703
245 1 0 _aজীবনের জলসাঘরে /
_cমান্না দে ; অনুলেখক ড. গৌতম রায়
260 _aকলকাতা :
_bআনন্দ,
_c২০১৪
300 _a৩৬৯ পৃ. :
_bচিত্র ;
_c২৫ সেমি.
650 _aগায়ক
_xজীবনী
_9121704
650 _aSinger
_xBiography
_9121705
700 _aরায়, গৌতম, অনুলেখক
_9121706
942 _2ddc
_cBK
999 _c39498
_d39498